000 00647cam a22002293a 4500
001 30835
003 PGUSA
005 20140828083651.0
008 100102s2010||||xxu|||||s|||||000 1 eng d
040 _aPGUSA
_beng
042 _adc
050 4 _aPR
100 1 _aOliphant,
_cMrs
_q(Margaret),
_d1828-1897
245 1 2 _aA Country Gentleman and his Family
_h[electronic resource] /
_cOliphant,
260 _bProject Gutenberg,
_c2010
506 _aPublic domain in the USA.
516 _aElectronic text
653 _aMarriage -- Fiction
830 0 _aProject Gutenberg
_v30835
856 4 0 _uhttp://www.gutenberg.org/ebooks/30835
942 _cEB
999 _c260090
_d260090